<?xml version="1.0" encoding="UTF-8"?>
<record
    xmlns:xsi="http://www.w3.org/2001/XMLSchema-instance"
    xsi:schemaLocation="http://www.loc.gov/MARC21/slim http://www.loc.gov/standards/marcxml/schema/MARC21slim.xsd"
    xmlns="http://www.loc.gov/MARC21/slim">

  <leader>00450nam a22001217a 4500</leader>
  <datafield tag="040" ind1=" " ind2=" ">
    <subfield code="c">SY</subfield>
  </datafield>
  <datafield tag="082" ind1=" " ind2=" ">
    <subfield code="a">589</subfield>
  </datafield>
  <datafield tag="100" ind1=" " ind2=" ">
    <subfield code="a">VON MONIN; &#x179C;&#x1793; &#x1798;&#x17BB;&#x1793;&#x17B7;&#x1793;&#x17D2;&#x1791;</subfield>
  </datafield>
  <datafield tag="245" ind1=" " ind2=" ">
    <subfield code="a">Non timber forest ptoducts of taxonomy, ecology and sustainability, &#x179C;&#x1782;&#x17D2;&#x1782;&#x17B8;&#x1780;&#x179A;&#x179F;&#x17B6;&#x179F;&#x17D2;&#x179A;&#x17D2;&#x178F; &#x17A2;&#x17C1;&#x1780;&#x17BC;&#x17A1;&#x17BC;&#x179F;&#x17CA;&#x17B8; &#x1793;&#x17B7;&#x1784; &#x179F;&#x17D2;&#x1790;&#x17C1;&#x179A;&#x1797;&#x17B6;&#x1796; &#x1793;&#x17C3;&#x17A2;&#x1793;&#x17BB;&#x1795;&#x179B;&#x1796;&#x17D2;&#x179A;&#x17C3;&#x1788;&#x17BE;</subfield>
  </datafield>
  <datafield tag="260" ind1=" " ind2=" ">
    <subfield code="a">RUA</subfield>
    <subfield code="b">VON</subfield>
    <subfield code="c">2010</subfield>
  </datafield>
  <datafield tag="300" ind1=" " ind2=" ">
    <subfield code="a">116p.</subfield>
  </datafield>
  <datafield tag="942" ind1=" " ind2=" ">
    <subfield code="c">KB</subfield>
  </datafield>
  <datafield tag="999" ind1=" " ind2=" ">
    <subfield code="c">9408</subfield>
    <subfield code="d">9408</subfield>
  </datafield>
  <datafield tag="952" ind1=" " ind2=" ">
    <subfield code="0">0</subfield>
    <subfield code="1">0</subfield>
    <subfield code="4">0</subfield>
    <subfield code="6">589_000000000000000_VON_2010_C166</subfield>
    <subfield code="7">0</subfield>
    <subfield code="9">51324</subfield>
    <subfield code="a">LBC</subfield>
    <subfield code="b">LBC</subfield>
    <subfield code="c">C166</subfield>
    <subfield code="d">2016-09-01</subfield>
    <subfield code="o">589 VON 2010 C166</subfield>
    <subfield code="p">RUA042586</subfield>
    <subfield code="r">2016-09-01</subfield>
    <subfield code="y">KB</subfield>
  </datafield>
</record>
